[Event "Pardubice Czech op-B 29th"]
[Site "Pardubice"]
[Date "2018.07.23"]
[Round "4"]
[White "Cabala, Nathan"]
[Black "Filipenko, Alexander V"]
[Result "0-1"]
[WhiteElo "2004"]
[BlackElo "2266"]
[PlyCount "60"]
[EventDate "2018.07.20"]
[EventType "swiss"]
[EventRounds "9"]
[EventCountry "CZE"]
[SourceTitle "CBM 186 Extra"]
[Source "ChessBase"]
[SourceDate "2018.08.24"]
[SourceVersion "1"]
[SourceVersionDate "2018.08.24"]
[SourceQuality "1"]

1. b3 d5 2. Bb2 Bg4 3. h3 Bh5 4. d3 f6 5. Nd2 e5 6. Ngf3 c5 7. e4 d4 8. Be2 Bf7 9. a4 Bd6 10. Nc4 Bc7 11. c3 dxc3 12. Bxc3 Nc6 13. 0-0 Nge7 14. Qd2 0-0 15. Rab1 Rb8 16. Rfc1 Bxc4 17. bxc4 Ba5 18. Bxa5 Nxa5 19. Nh4 b6 20. f4 exf4 21. Qxf4 g5 22. Qg4 Kh8 23. Nf5 Nxf5 24. Qxf5 Nc6 25. Rf1 Qe8 26. Qg4 Rd8 27. Rbd1 Ne5 28. Qf5 Qxa4 29. Qe6 Qc6 30. Qe7 Ng6 0-1

[Event "AUT-chT2O 1718"]
[Site "Austria"]
[Date "2018.04.07"]
[Round "10.4"]
[White "Cabala, Nathan"]
[Black "Weissenbeck, Manuel"]
[Result "0-1"]
[WhiteElo "2034"]
[BlackElo "2239"]
[PlyCount "80"]
[EventDate "2017.10.21"]
[EventType "team-tourn"]
[EventRounds "11"]
[EventCountry "AUT"]
[SourceTitle "EXT 2019"]
[Source "ChessBase"]
[SourceDate "2018.10.10"]
[SourceVersion "1"]
[SourceVersionDate "2018.10.10"]
[SourceQuality "1"]
[WhiteTeam "Donaustadt"]
[BlackTeam "Pressbaum"]
[WhiteTeamCountry "AUT"]
[BlackTeamCountry "AUT"]

1. e4 c5 2. Nf3 d6 3. d4 cxd4 4. Nxd4 Nf6 5. Nc3 a6 6. a4 e5 7. Nb3 Be6 8. Bg5 Be7 9. Be2 0-0 10. 0-0 Nbd7 11. Qd2 Rc8 12. f3 Bxb3 13. cxb3 Qb6+ 14. Kh1 Qxb3 15. Rfd1 Rfd8 16. Rac1 Nc5 17. Bxf6 Bxf6 18. Nd5 Nxa4 19. Nxf6+ gxf6 20. Qh6 Qe6 21. b3 Nc3 22. Bc4 Rxc4 23. bxc4 Nxd1 24. Rxd1 Rc8 25. Rb1 Qxc4 26. h3 b5 27. Qxf6 Qe6 28. Qg5+ Kf8 29. Ra1 Ra8 30. Qc1 Rc8 31. Qe3 Rc6 32. Qa7 Qc8 33. Qe3 Ke8 34. Qg5 b4 35. Qg8+ Ke7 36. Qg5+ Kf8 37. Qh6+ Ke8 38. Qxh7 Rc1+ 39. Rxc1 Qxc1+ 40. Kh2 Qf4+ 0-1

[Event "SVK-chT2B 1617"]
[Site "Slovakia"]
[Date "2017.03.12"]
[Round "11.3"]
[White "Torotto, Antal"]
[Black "Cabala, Nathan"]
[Result "0-1"]
[WhiteElo "2015"]
[BlackElo "1950"]
[PlyCount "52"]
[EventDate "2016.10.08"]
[EventType "team-tourn"]
[EventRounds "11"]
[EventCountry "SVK"]
[SourceTitle "EXT 2018"]
[Source "ChessBase"]
[SourceDate "2017.10.13"]
[SourceVersion "1"]
[SourceVersionDate "2017.10.13"]
[SourceQuality "1"]
[WhiteTeam "Batorove Kosihy"]
[BlackTeam "Prievidza II"]
[WhiteTeamCountry "SVK"]
[BlackTeamCountry "SVK"]

1. Nf3 d5 2. d4 Nf6 3. e3 e6 4. Be2 Bd6 5. 0-0 0-0 6. b3 Nbd7 7. Bb2 Re8 8. Ne5 c5 9. Nd2 b6 10. Ndf3 Bb7 11. c4 Rc8 12. Ng5 Re7 13. f4 Nf8 14. Qe1 h6 15. Nh3 Ne4 16. Nf2 Nxf2 17. Qxf2 cxd4 18. exd4 f6 19. Ng4 Ng6 20. g3 Qe8 21. Bd3 dxc4 22. bxc4 Qc6 23. d5 exd5 24. Qf3 Qc5+ 25. Qf2 dxc4 26. Rfc1 Qxf2+ 0-1

[Event "SVK-chT1W 1617"]
[Site "Slovakia"]
[Date "2017.02.26"]
[Round "9.8"]
[White "Briestenska, Andrea"]
[Black "Cabala, Nathan"]
[Result "1-0"]
[WhiteElo "1995"]
[BlackElo "1950"]
[PlyCount "55"]
[EventDate "2016.10.15"]
[EventType "team-tourn"]
[EventRounds "11"]
[EventCountry "SVK"]
[SourceTitle "EXT 2018"]
[Source "ChessBase"]
[SourceDate "2017.10.13"]
[SourceVersion "1"]
[SourceVersionDate "2017.10.13"]
[SourceQuality "1"]
[WhiteTeam "Bratislava Slovan II"]
[BlackTeam "Prievidza"]
[WhiteTeamCountry "SVK"]
[BlackTeamCountry "SVK"]

1. f4 d6 2. Nf3 Nf6 3. e3 e6 4. b3 Nbd7 5. Bb2 b6 6. Bb5 Bb7 7. 0-0 c6 8. Be2 Be7 9. d3 d5 10. Ne5 0-0 11. Nd2 c5 12. Bf3 Nxe5 13. fxe5 Nd7 14. Bg4 Qc7 15. d4 Bg5 16. Rf3 b5 17. c3 a5 18. Rc1 b4 19. a3 Qb6 20. cxb4 axb4 21. a4 c4 22. bxc4 dxc4 23. Nxc4 Bxf3 24. Bxf3 Qa7 25. Bxa8 Rxa8 26. a5 Nb8 27. h4 Bd8 28. Nb6 1-0

[Event "AUT-ch U14"]
[Site "St Veit"]
[Date "2016.05.16"]
[Round "6"]
[White "Prato, Simon"]
[Black "Cabala, Nathan"]
[Result "1/2-1/2"]
[WhiteElo "1936"]
[BlackElo "1821"]
[PlyCount "85"]
[EventDate "2016.05.14"]
[EventType "swiss"]
[EventRounds "7"]
[EventCountry "AUT"]
[SourceTitle "CBM 172 Extra"]
[Source "ChessBase"]
[SourceDate "2016.06.21"]
[SourceVersion "1"]
[SourceVersionDate "2016.06.21"]
[SourceQuality "1"]

1. e4 c5 2. Nf3 Nc6 3. d3 d6 4. g3 Nf6 5. Bg2 e6 6. 0-0 Be7 7. c3 0-0 8. Nbd2 Bd7 9. a3 a5 10. Re1 Re8 11. Nf1 Qc7 12. Bd2 Rad8 13. d4 cxd4 14. cxd4 d5 15. e5 Ne4 16. Be3 Rc8 17. h4 f6 18. exf6 Nxf6 19. Bf4 Qb6 20. Qd3 Bf8 21. Bh3 h6 22. N1h2 Ne4 23. Ng4 Re7 24. Rab1 Rce8 25. Nge5 Nxe5 26. Nxe5 Bb5 27. Qe3 Rc7 28. f3 Nd6 29. Ng6 Bd7 30. Nxf8 Kxf8 31. Re2 Rc6 32. Bxd6+ Rxd6 33. Rbe1 Rc6 34. Kg2 Kg8 35. Qf4 Rc4 36. Rd2 Qc7 37. Qxc7 Rxc7 38. Rde2 Rc6 39. g4 Rb6 40. Kg3 Kf7 41. f4 Rb3+ 42. Kg2 Rd3 43. g5 1/2-1/2

[Event "AUT-ch U14"]
[Site "St Veit"]
[Date "2016.05.14"]
[Round "2"]
[White "Sereinig, David"]
[Black "Cabala, Nathan"]
[Result "0-1"]
[WhiteElo "1460"]
[BlackElo "1821"]
[PlyCount "82"]
[EventDate "2016.05.14"]
[EventType "swiss"]
[EventRounds "7"]
[EventCountry "AUT"]
[SourceTitle "CBM 172 Extra"]
[Source "ChessBase"]
[SourceDate "2016.06.21"]
[SourceVersion "1"]
[SourceVersionDate "2016.06.21"]
[SourceQuality "1"]

1. e4 c5 2. Nf3 Nc6 3. d4 cxd4 4. Nxd4 Nf6 5. Nc3 d6 6. Nxc6 bxc6 7. Bd3 e6 8. 0-0 Be7 9. Re1 0-0 10. e5 dxe5 11. Rxe5 Bd6 12. Re1 Qc7 13. g3 Bb7 14. Bf1 Rfd8 15. Qe2 h6 16. Bg2 a5 17. Na4 Nd5 18. c4 Nf6 19. c5 Be7 20. Bf4 Qd7 21. Nb6 Qd4 22. Be3 Qe5 23. Nxa8 Rxa8 24. Qc2 Qh5 25. Qb3 Ba6 26. Bxc6 Ng4 27. Bb5 Qxh2+ 28. Kf1 Nxe3+ 29. Rxe3 Qh1+ 30. Ke2 Bxb5+ 31. Qxb5 Qxa1 32. c6 Rd8 33. Rd3 Rxd3 34. Qxd3 Qxb2+ 35. Kf3 Qb8 36. Qd7 Bd6 37. Qb7 Qxb7 38. cxb7 Kf8 39. Ke4 Ke7 40. Kd4 Kd7 41. Kc4 Kc6 0-1

[Event "SVK-chT1W 1516"]
[Site "Slovakia"]
[Date "2016.02.20"]
[Round "8.8"]
[White "Cabala, Nathan"]
[Black "Zetocha, Adrian"]
[Result "0-1"]
[WhiteElo "1821"]
[BlackElo "1726"]
[PlyCount "124"]
[EventDate "2015.10.24"]
[EventType "team-tourn"]
[EventRounds "11"]
[EventCountry "SVK"]
[SourceTitle "EXT 2017"]
[Source "ChessBase"]
[SourceDate "2016.10.25"]
[SourceVersion "1"]
[SourceVersionDate "2016.10.25"]
[SourceQuality "1"]
[WhiteTeam "Prievidza"]
[BlackTeam "Bratislava Slovan II"]
[WhiteTeamCountry "SVK"]
[BlackTeamCountry "SVK"]

1. e4 c5 2. Nf3 d6 3. d4 cxd4 4. Nxd4 Nf6 5. Nc3 g6 6. Be3 Bg7 7. f3 0-0 8. Qd2 Nc6 9. Be2 Nxd4 10. Bxd4 Be6 11. 0-0 Qa5 12. Rad1 Rfc8 13. Kh1 Bc4 14. f4 Nxe4 15. Nxe4 Qxd2 16. Rxd2 Bxe2 17. Rxe2 Bxd4 18. c3 Bg7 19. f5 Be5 20. fxg6 hxg6 21. Ng5 f6 22. Ne6 Kf7 23. Ng5+ Ke8 24. Ne6 Kd7 25. Nf4 Rh8 26. Nxg6 Rxh2+ 27. Kg1 Rh7 28. Rf3 Rg8 29. Nf4 Rg4 30. Nd3 Rhg7 31. Nb4 a5 32. Nd5 b5 33. a3 Rh7 34. Rd3 Rhh4 35. Nb6+ Ke8 36. Rd5 b4 37. Rxa5 bxc3 38. Ra8+ Kf7 39. bxc3 Bxc3 40. Rxe7+ Kxe7 41. Nd5+ Kd7 42. Nxc3 Rh5 43. Ra7+ Ke6 44. Ra8 Rhg5 45. Re8+ Kd7 46. Re2 d5 47. a4 Rc4 48. Nb5 Rxa4 49. Rd2 Rag4 50. Nd4 Kd6 51. Nf3 Rg8 52. Nd4 Ke5 53. Nc6+ Ke4 54. Ne7 R8g5 55. Rf2 d4 56. Rxf6 Rxg2+ 57. Kh1 R2g4 58. Rh6 d3 59. Re6+ Kf3 60. Rf6+ Rf4 61. Rh6 d2 62. Rh3+ Rg3 0-1

[Event "AUT-ch U14"]
[Site "Woerth"]
[Date "2015.05.26"]
[Round "7.7"]
[White "Pellizzari, Sebastian"]
[Black "Cabala, Nathan"]
[Result "1-0"]
[WhiteElo "1587"]
[BlackElo "1694"]
[PlyCount "165"]
[EventDate "2015.05.23"]
[EventType "swiss"]
[EventRounds "7"]
[EventCountry "AUT"]
[SourceTitle "EXT 2024"]
[Source "ChessBase"]
[SourceDate "2023.10.10"]
[SourceVersion "1"]
[SourceVersionDate "2023.10.10"]
[SourceQuality "1"]

1. d4 d5 2. c4 e6 3. Nc3 Nf6 4. cxd5 exd5 5. Bg5 c6 6. e3 Nbd7 7. Bd3 Be7 8. Nf3 0-0 9. Qc2 h6 10. Bh4 Re8 11. 0-0 a6 12. Rab1 Qc7 13. Bg3 Bd6 14. Bxd6 Qxd6 15. b4 a5 16. a3 axb4 17. axb4 b6 18. Na4 Bb7 19. Rfc1 Rec8 20. Bf5 Qc7 21. Ne5 Rd8 22. Nxd7 Nxd7 23. Bxd7 Rxd7 24. b5 Rd6 25. Qb3 Rc8 26. g3 g6 27. Rc3 Rb8 28. Rbc1 Rc8 29. Kg2 c5 30. Kg1 c4 31. Qb2 Ra8 32. Ra3 Rdd8 33. Rca1 Qd6 34. Nc3 Rxa3 35. Qxa3 Qxa3 36. Rxa3 Kf8 37. Ra7 Ba8 38. Kf1 Kg7 39. Ke2 Kf6 40. Kd2 Ke6 41. Na4 Rb8 42. Ra6 Kd6 43. Rxb6+ Rxb6 44. Nxb6 Bb7 45. Kc3 g5 46. Kb4 g4 47. Na4 h5 48. Nc3 f5 49. Ne2 Ba8 50. Nf4 Bb7 51. Nxh5 Bc8 52. Nf4 Bb7 53. h3 gxh3 54. Nxh3 Bc8 55. Nf4 Bb7 56. Ne2 Bc8 57. Ka5 Kc7 58. Nc3 Bb7 59. f4 Ba8 60. Kb4 Kd6 61. Nb1 Bb7 62. Nd2 Ba8 63. Nf1 Bb7 64. Nh2 Bc8 65. Nf3 Bb7 66. Ne5 Bc8 67. b6 Bb7 68. g4 fxg4 69. Nxg4 Kc6 70. Ne5+ Kxb6 71. Nxc4+ dxc4 72. Kxc4 Kc6 73. d5+ Kd6 74. e4 Ba6+ 75. Kd4 Bc8 76. e5+ Ke7 77. Ke4 Bb7 78. f5 Kf7 79. Kd4 Bc8 80. f6 Bf5 81. Kc5 Bg4 82. Kc6 Bf5 83. Kc7 1-0

[Event "AUT-ch U14"]
[Site "Woerth"]
[Date "2015.05.23"]
[Round "1.1"]
[White "Morgunov, Daniel"]
[Black "Cabala, Nathan"]
[Result "1-0"]
[WhiteElo "2036"]
[BlackElo "1694"]
[PlyCount "63"]
[EventDate "2015.05.23"]
[EventType "swiss"]
[EventRounds "7"]
[EventCountry "AUT"]
[SourceTitle "EXT 2024"]
[Source "ChessBase"]
[SourceDate "2023.10.10"]
[SourceVersion "1"]
[SourceVersionDate "2023.10.10"]
[SourceQuality "1"]

1. e4 c5 2. Nf3 Nc6 3. d4 cxd4 4. Nxd4 Nf6 5. Nc3 d6 6. Be2 e6 7. Be3 Be7 8. 0-0 0-0 9. f4 Re8 10. Bf3 d5 11. e5 Nd7 12. Nce2 Nb6 13. b3 Bd7 14. a4 Nxd4 15. Bxd4 Bc6 16. Qd3 f5 17. exf6 Bxf6 18. Bh5 Rf8 19. Bg4 Re8 20. Rae1 Nd7 21. Qe3 Nf8 22. Bxa7 e5 23. Bb6 Qb8 24. Qd3 exf4 25. Bd4 Bxd4+ 26. Qxd4 Ng6 27. Bf5 Qd6 28. Bxg6 Qxg6 29. Nxf4 Qxc2 30. Ne6 Re7 31. Qb4 Rae8 32. Qxe7 1-0

[Event "SVK-chT3B2 1415"]
[Site "Slovakia"]
[Date "2014.11.23"]
[Round "3.4"]
[White "Poliakova, Emma"]
[Black "Cabala, Nathan"]
[Result "1/2-1/2"]
[WhiteElo "1679"]
[BlackElo "1576"]
[PlyCount "49"]
[EventDate "2014.10.05"]
[EventType "team-tourn"]
[EventRounds "14"]
[EventCountry "SVK"]
[SourceTitle "EXT 2019"]
[Source "ChessBase"]
[SourceDate "2018.10.10"]
[SourceVersion "1"]
[SourceVersionDate "2018.10.10"]
[SourceQuality "1"]

1. e4 e5 2. Nf3 Nc6 3. c3 Nf6 4. d4 exd4 5. e5 Qe7 6. cxd4 d6 7. Bb5 Bd7 8. 0-0 dxe5 9. Nxe5 0-0-0 10. Bxc6 Bxc6 11. Nxc6 bxc6 12. Qa4 Kb7 13. Bd2 h5 14. Rc1 Qd6 15. Na3 Ng4 16. g3 Qf6 17. Be3 Re8 18. Nc4 Rxe3 19. Na5+ Kc8 20. Rc2 Rf3 21. Nxc6 Rxf2 22. Nxa7+ Kd8 23. Nc6+ Kc8 24. Na7+ Kd8 25. Nc6+ 1/2-1/2

[Event "AUT-ch U12"]
[Site "Woerth"]
[Date "2014.06.08"]
[Round "3"]
[White "Ortner, Harvey"]
[Black "Cabala, Nathan"]
[Result "0-1"]
[WhiteElo "1371"]
[BlackElo "1471"]
[PlyCount "46"]
[EventDate "2014.06.07"]
[EventType "swiss"]
[EventRounds "7"]
[EventCountry "AUT"]
[SourceTitle "EXT 2016"]
[Source "ChessBase"]
[SourceDate "2015.10.08"]
[SourceVersion "1"]
[SourceVersionDate "2015.10.08"]
[SourceQuality "1"]

1. e4 e5 2. f4 exf4 3. Nf3 Nc6 4. Nc3 Nf6 5. d4 Bb4 6. e5 Nd5 7. Qd3 d6 8. Bd2 dxe5 9. dxe5 Bxc3 10. bxc3 0-0 11. Be2 Re8 12. Qe4 f5 13. Qc4 Nxe5 14. Nxe5 Rxe5 15. Bxf4 Re4 16. Qb3 Rxf4 17. 0-0-0 Be6 18. c4 Qg5 19. Rd3 Rxc4+ 20. Kd1 Ne3+ 21. Ke1 Nxg2+ 22. Kd1 Ne3+ 23. Ke1 Nxc2+ 0-1

[Event "AUT-ch U12"]
[Site "Woerth"]
[Date "2014.06.07"]
[Round "1"]
[White "Horvath, Dominik"]
[Black "Cabala, Nathan"]
[Result "1-0"]
[WhiteElo "1801"]
[BlackElo "1471"]
[PlyCount "109"]
[EventDate "2014.06.07"]
[EventType "swiss"]
[EventRounds "7"]
[EventCountry "AUT"]
[SourceTitle "EXT 2016"]
[Source "ChessBase"]
[SourceDate "2015.10.08"]
[SourceVersion "1"]
[SourceVersionDate "2015.10.08"]
[SourceQuality "1"]

1. e4 e5 2. Nf3 Nc6 3. d4 exd4 4. Bc4 Nf6 5. e5 d5 6. Bb5 Ne4 7. Nxd4 Bd7 8. Bxc6 Bxc6 9. 0-0 Bc5 10. Be3 Bxd4 11. Qxd4 0-0 12. f4 f5 13. Nc3 Qd7 14. Rad1 Rfd8 15. Nxe4 dxe4 16. Qc5 Qe8 17. Qc4+ Kh8 18. Qb3 a6 19. Rd4 Rxd4 20. Bxd4 Rd8 21. Rd1 Bd5 22. c4 Bc6 23. e6 Kg8 24. c5 Bd5 25. Qg3 Qe7 26. Bxg7 Qxg7 27. e7 Re8 28. Rxd5 Qxg3 29. hxg3 Rxe7 30. Rxf5 e3 31. Re5 Rxe5 32. fxe5 Kf7 33. Kf1 Ke6 34. Ke2 Kxe5 35. Kxe3 b6 36. cxb6 cxb6 37. g4 h6 38. g3 Kf6 39. Kf4 Kg6 40. g5 hxg5+ 41. Kg4 a5 42. a4 Kf6 43. Kh5 Kf5 44. g4+ Kf4 45. b3 Ke3 46. Kxg5 Kd3 47. Kf4 Kc3 48. g5 Kxb3 49. g6 Kxa4 50. g7 b5 51. g8Q b4 52. Ke3 Ka3 53. Kd3 b3 54. Kc3 a4 55. Qg2 1-0

[Event "AUT-ch U10"]
[Site "Schladming"]
[Date "2012.06.09"]
[Round "5.9"]
[White "Cabala, Nathan"]
[Black "Lackner, Lorenz"]
[Result "1/2-1/2"]
[WhiteElo "1279"]
[BlackElo "1190"]
[PlyCount "78"]
[EventDate "2012.06.08"]
[EventType "swiss"]
[EventRounds "7"]
[EventCountry "AUT"]
[SourceTitle "EXT 2024"]
[Source "ChessBase"]
[SourceDate "2023.10.10"]
[SourceVersion "1"]
[SourceVersionDate "2023.10.10"]
[SourceQuality "1"]

1. e4 e5 2. Nf3 Nc6 3. d4 f6 4. d5 Nb8 5. Be3 c6 6. Nc3 Bd6 7. Bc4 Ne7 8. 0-0 Na6 9. Bxa6 bxa6 10. Nh4 Bb4 11. Bd2 Bb7 12. dxc6 Bxc6 13. Re1 Bxc3 14. Bxc3 d5 15. Nf5 Nxf5 16. exf5 Qd7 17. Qh5+ Qf7 18. Qxf7+ Kxf7 19. h3 Rab8 20. b3 Rhe8 21. Bd2 Kg8 22. Be3 d4 23. Bd2 Bd7 24. g4 h5 25. f4 hxg4 26. hxg4 exf4 27. Bxf4 Rxe1+ 28. Rxe1 Rc8 29. Re7 Bb5 30. a4 Bxa4 31. bxa4 Rxc2 32. Rxa7 d3 33. Rxa6 d2 34. Bxd2 Rxd2 35. Ra8+ Kh7 36. Rb8 Rd4 37. a5 Rxg4+ 38. Kh2 Rg5 39. Rb5 Rg4 1/2-1/2

[Event "AUT-ch U10"]
[Site "Schladming"]
[Date "2012.06.08"]
[Round "3.7"]
[White "Sonderegger, Jannick"]
[Black "Cabala, Nathan"]
[Result "1/2-1/2"]
[WhiteElo "1261"]
[BlackElo "1279"]
[PlyCount "58"]
[EventDate "2012.06.08"]
[EventType "swiss"]
[EventRounds "7"]
[EventCountry "AUT"]
[SourceTitle "EXT 2024"]
[Source "ChessBase"]
[SourceDate "2023.10.10"]
[SourceVersion "1"]
[SourceVersionDate "2023.10.10"]
[SourceQuality "1"]

1. e4 e5 2. Nf3 Nc6 3. Bb5 d6 4. 0-0 Bg4 5. h3 Bxf3 6. Qxf3 Nf6 7. Re1 Be7 8. c3 a6 9. Ba4 0-0 10. Qd1 Re8 11. d4 exd4 12. cxd4 d5 13. e5 Bb4 14. Nc3 Ne4 15. Bd2 Nxd2 16. Qxd2 Qh4 17. Rad1 Bxc3 18. bxc3 Rad8 19. Qc2 Re6 20. Qf5 Na5 21. Qg4 Qxg4 22. hxg4 Nc4 23. Re2 Rg6 24. f3 Rb6 25. Bb3 Na5 26. Ba4 Re6 27. Kf2 b5 28. Bc2 Rc6 29. Rh1 h6 1/2-1/2